000 00205nam a2200109Ia 4500
100 _a#N/A
942 _cBK
245 _aEFY-DVD JANUARY-2012
260 _bEFY
_aNew Delhi
546 _aENGLISH
999 _c25318
_d25318